| LEADER |
01233nam0a2200265 450 |
| 001 |
16868125 |
| 010 |
|
|
|a 978-2-7556-3747-2
|b br.
|d 17
|
| 100 |
|
|
|a 20180629d2018 u u0frey01 ba
|
| 101 |
1 |
|
|a fre
|c fre
|
| 102 |
|
|
|a FR
|
| 200 |
0 |
|
|a Nos Etoiles perdues
|f Anna Todd
|g traduit de l'anglais (Etats-Unis) par Alexia Barat
|
| 207 |
|
1 |
|a
|
| 210 |
|
|
|a Paris
|c Hugo Roman
|d 2018
|
| 215 |
|
|
|a 1 vol. (480 p.)
|d 21 x 13 cm
|
| 225 |
1 |
|
|a New romance
|x 2275-6345
|
| 330 |
|
|
|a Karina, 20 ans, est masseuse à Atlanta et a trouvé un équilibre dans sa vie. Mais les nombreuses affectations de son père militaire détériorent leur relation et le comportement presque incontrôlable de son frère provoque la rupture de la famille. Seule sa rencontre avec Kael, un soldat venant se faire masser et qui ne parle jamais, apaise Karina. Sauf que le jeune homme cache bien des mensonges.
|
| 461 |
|
0 |
|t Stars
|v 01
|
| 606 |
0 |
|
|a Littérature américaine
|
| 606 |
0 |
|
|a Militaires américains
|
| 606 |
0 |
|
|a Drogues
|x Effets physiologiques
|
| 700 |
|
0 |
|a Todd
|b Anna
|4 70
|
| 702 |
|
0 |
|a Barat
|b Alexia
|4 730
|
| 900 |
|
|
|a Roman
|
| 901 |
|
|
|a Adultes
|
| 995 |
|
|
|a Médiathèque
|c Médiathèque
|f 00156009980905
|h 00156009980905
|k R TOD 1
|o p
|q a
|r az
|e Médiathèque
|